[Event "48th Rilton Cup 2018"]
[Site "Stockholm"]
[Date "2019.01.02"]
[Round "6"]
[White "Valsecchi, Alessio"]
[Black "Krishna Teja, N."]
[Result "1-0"]
[WhiteElo "2497"]
[BlackElo "2340"]
[Annotator "TA"]
[PlyCount "61"]
[EventDate "2018.12.27"]
[EventType "swiss"]
[EventCountry "SWE"]
[SourceTitle "playchess.com"]
[Source "ChessBase"]
[SourceQuality "1"]

{[%evp 9,61,21,37,18,20,16,23,27,61,53,58,19,67,91,88,0,32,40,47,39,64,0,0,0,0,0,6,0,0,0,31,4,114,94,162,163,271,242,523,518,510,507,412,449,671,671,725,812,812,768,795,764,1152,1204]} 1. d4 d5 2. c4 c6 3. Nf3 Nf6 4. Nbd2 a6 (4... Bf5 5. Nh4 Be6 6. e3 g6 7. b3 Bg7 8. Bb2 O-O 9. Be2 Ne4 10. O-O c5 11. Nxe4 dxe4 12. Qc2 f5 {0-1 (54) Svane,R (2595)-Van Foreest,J (2609) Germany 2017}) 5. g3 b5 6. c5 $146 {D11: Slav Defence: 3 Nf3 sidelines and 3...Nf6 4 e3 Bg4} ({Predecessor:} 6. b3 Bf5 7. Bg2 Nbd7 8. Nh4 e6 9. Nxf5 exf5 10. cxd5 cxd5 11. Qc2 g6 12. O-O {0-1 (37) Bajramovic,H (2104)-Karup,E (2103) Bosna 2017}) 6... a5 7. Bg2 Bf5 8. O-O {White has an edge.} e6 9. a4 b4 10. Nh4 h6 11. Nxf5 exf5 12. g4 (12. f3 $16) 12... Nxg4 {[#]} 13. e4 $1 {[%cal Re4d5][%mdl 512]} dxe4 {[#]} 14. Nxe4 $1 {[%mdl 512] And now Re1 would win.} Be7 (14... fxe4 15. Qxg4) 15. Ng3 ({White should try} 15. h3 $14) 15... g6 $1 $11 16. Re1 Kf8 17. Bf4 {Threatens to win with Rxe7!} Kg7 18. h3 Nf6 19. Rc1 Qd7 20. Be5 Bd8 {[#]} (20... Rc8 $11 {keeps the balance.}) 21. d5 $1 $36 {[%cal Rd5c6][%mdl 2048] Strongly threatening dxc6. Black is under strong pressure.} cxd5 (21... Qc8 $16 22. d6 Kh7) 22. Qxd5 $18 Ra7 {[#]} (22... Qxd5 $142 23. Bxd5 Ra6) 23. Qf3 $1 Na6 $2 (23... Qc8 {keeps fighting.} 24. c6 Rc7) 24. c6 Qc8 25. Qe3 Rc7 26. Rcd1 Nb8 (26... Kh7 $142 27. Qd4 Kg7) 27. Rxd8 Qxd8 {[#]} 28. Nxf5+ $1 {[%mdl 576] Clearance} gxf5 29. Qg3+ Kh7 30. Bxc7 Qd2 31. Re7 {Accuracy: White = 68%, Black = 35%.} 1-0

[Event "48th Rilton Cup 2018"]
[Site "Stockholm"]
[Date "2019.01.02"]
[Round "6"]
[White "Salomon, Johan"]
[Black "Vaishali R"]
[Result "1/2-1/2"]
[WhiteElo "2494"]
[BlackElo "2354"]
[Annotator "TA"]
[PlyCount "72"]
[EventDate "2018.12.27"]
[EventType "swiss"]
[EventCountry "SWE"]
[SourceTitle "playchess.com"]
[Source "ChessBase"]
[SourceQuality "1"]

{[%evp 28,72,62,60,89,89,90,85,96,92,104,69,103,99,88,87,82,23,25,8,23,8,9,12,18,13,9,14,34,32,49,41,74,0,0,0,0,0,0,0,0,0,0,0,0,0,0]} 1. Nf3 d5 2. e3 Nf6 3. c4 e6 4. b3 c5 5. Bb2 Nc6 6. cxd5 exd5 7. Bb5 Bd6 8. O-O O-O 9. d4 Bg4 10. dxc5 Bxc5 11. Nc3 a6 12. Bxc6 bxc6 13. Ne2 {D32: Tarrasch Defence: Sidelines and lines without g3} Rc8 14. Ne5 Bd6 15. Rc1 {LiveBook: 7 Games. White is slightly better.} c5 (15... Bxe5 16. Bxe5 Qe7 17. Bxf6 Qxf6 18. f3 Bd7 19. Qd4 Qe7 20. Nc3 Rfe8 {1-0 (78) Giri,A (2791)-L'Ami,E (2628) Amsterdam 2015}) 16. Nxg4 Nxg4 17. Nf4 Bxf4 $146 ({Predecessor:} 17... Qh4 18. h3 Bxf4 19. exf4 Nf6 20. Bxf6 Qxf6 21. Qxd5 Qb2 {1-0 (39) Jaracz,P (2545)-Duppel,M (2440) Boeblingen 2002}) 18. Qxg4 {[%csl Gb2][%cal Rg4g7] [#]} Bg5 19. Rcd1 d4 20. exd4 c4 21. bxc4 Rxc4 22. Rfe1 (22. Qf3 $16) 22... Qd5 $11 23. Ba3 Rd8 {[%cal Bf8d8,Bd8d6,Bd6e6][%mdl 32]} 24. Qe2 {[#] White wants to mate with Qe8+!} h6 25. Bc5 Bf6 26. h3 a5 27. Bb6 Rd6 28. Bxa5 Re6 29. Qf1 $1 Rxd4 30. Bc3 (30. Rxd4 $16 Bxd4 31. Rxe6 Qxe6 32. a3) 30... Rxd1 {The position is equal.} 31. Rxd1 Qxa2 32. Bxf6 Rxf6 {KQR-KQR} 33. Rd8+ Kh7 34. Qd3+ g6 35. Qd4 Qb1+ 36. Kh2 Qb6 {Precision: White = 66%, Black = 64%.} 1/2-1/2

[Event "48th Rilton Cup 2018"]
[Site "Stockholm"]
[Date "2019.01.02"]
[Round "6"]
[White "Gholami, Aryan"]
[Black "Moksh Amit Doshi"]
[Result "1-0"]
[WhiteElo "2488"]
[BlackElo "2242"]
[Annotator "ChessBase"]
[PlyCount "93"]
[EventDate "2018.12.27"]
[EventType "swiss"]
[EventCountry "SWE"]
[SourceTitle "playchess.com"]
[Source "ChessBase"]
[SourceQuality "1"]
[TimeControl "40/5400+30:1800+30"]

1. Nf3 {[%emt 0:00:00]} c5 {[%emt 0:01:29]} 2. e4 {[%emt 0:00:00]} d6 {[%emt 0:00:07]} 3. c3 {[%emt 0:00:00]} Nf6 {[%emt 0:00:18]} 4. Be2 {[%emt 0:00:01]} Bd7 {[%emt 0:00:06]} 5. d3 {[%emt 0:00:07]} g6 {[%emt 0:00:20]} 6. O-O {[%emt 0:00:09]} Bg7 {[%emt 0:00:08]} 7. Re1 {[%emt 0:00:14]} O-O {[%emt 0:00:46]} 8. Bf1 {[%emt 0:00:06]} Nc6 {[%emt 0:00:05]} 9. Nbd2 {[%emt 0:00:53]} e5 {[%emt 0:04:50]} 10. a3 {[%emt 0:00:27]} a5 {[%emt 0:08:38]} 11. a4 {[%emt 0:00:16]} h6 {[%emt 0:03:17]} 12. Nc4 {[%emt 0:05:28]} Be6 {[%emt 0:00:28]} 13. h3 {[%emt 0:00:29]} Qc7 {[%emt 0:05:31]} 14. Qb3 {[%emt 0:19:23]} d5 {[%emt 0:02:38]} 15. Qb6 {[%emt 0:01:44]} Qxb6 {[%emt 0:02:27]} 16. Nxb6 {[%emt 0:00:09]} Rad8 {[%emt 0:00:21]} 17. exd5 {[%emt 0:00:18]} Nxd5 {[%emt 0:01:40]} 18. Nc4 {[%emt 0:00:07]} f6 {[%emt 0:11:47]} 19. Ra3 {[%emt 0:01:38]} Rfe8 {[%emt 0:17:54]} 20. Rb3 {[%emt 0:01:57]} Rb8 {[%emt 0:00:48]} 21. g3 {[%emt 0:12:36]} Nc7 {[%emt 0:03:58]} 22. Rb6 {[%emt 0:04:13]} Bf8 {[%emt 0:03:30]} 23. Bg2 {[%emt 0:04:25]} Red8 {[%emt 0:07:56]} 24. Nh4 {[%emt 0:04:37]} g5 {[%emt 0:01:30]} 25. Ng6 {[%emt 0:00:33]} Bd5 {[%emt 0:01:00]} 26. Nxf8 {[%emt 0:03:09]} Kxf8 {[%emt 0:00:16]} 27. Be4 {[%emt 0:01:06]} Bxe4 {[%emt 0:03:51]} 28. dxe4 {[%emt 0:00:07]} Na8 {[%emt 0:03:38]} 29. Rb5 {[%emt 0:00:17]} b6 {[%emt 0:00:06]} 30. Be3 {[%emt 0:01:32]} Kf7 {[%emt 0:00:11]} 31. Kf1 {[%emt 0:01:03]} Ke6 {[%emt 0:02:41]} 32. Ke2 {[%emt 0:01:10]} Rd7 {[%emt 0:01:05]} 33. h4 {[%emt 0:01:02]} Na7 {[%emt 0:03:50]} 34. Rb3 {[%emt 0:00:09]} Rbb7 {[%emt 0:00:05]} 35. Rh1 {[%emt 0:02:14]} Rh7 {[%emt 0:02:03]} 36. Kd3 {[%emt 0:04:26]} Nc8 {[%emt 0:01:12]} 37. hxg5 {[%emt 0:00:08]} hxg5 {[%emt 0:02:07]} 38. Rxh7 {[%emt 0:00:09]} Rxh7 {[%emt 0:00:04]} 39. Bxc5 {[%emt 0:00:52]} Rc7 {[%emt 0:02:27]} 40. Be3 {[%emt 0:00:23]} Rc6 {[%emt 0:00:05]} 41. f3 {[%emt 0:32:39]} Ke7 {[%emt 0:30:26]} 42. Bf2 {[%emt 0:00:54]} Ke6 {[%emt 0:00:19]} 43. g4 {[%emt 0:00:10]} Rc7 {[%emt 0:02:22]} 44. Ne3 {[%emt 0:02:07]} Ne7 {[%emt 0:03:09]} 45. c4 {[%emt 0:00:17]} Nc6 {[%emt 0:00:00]} 46. Nd5 {[%emt 0:00:00]} Rh7 {[%emt 0:00:00]} 47. Nxb6 {[%emt 0:00:00]} 1-0

[Event "48th Rilton Cup 2018"]
[Site "Stockholm"]
[Date "2019.01.02"]
[Round "6"]
[White "Rakesh Kumar Jena"]
[Black "Kulaots, Kaido"]
[Result "1-0"]
[WhiteElo "2398"]
[BlackElo "2555"]
[Annotator "TA"]
[PlyCount "149"]
[EventDate "2018.12.27"]
[EventType "swiss"]
[EventCountry "SWE"]
[SourceTitle "playchess.com"]
[Source "ChessBase"]
[SourceQuality "1"]

{[%evp 15,149,12,11,0,0,0,16,0,12,-18,8,-21,0,-13,-16,-36,-31,-67,-52,-65,0,0,42,36,40,36,108,36,36,35,39,37,30,37,45,21,37,29,71,70,107,20,25,0,0,0,0,0,0,0,0,0,0,0,0,0,0,0,0,0,0,0,71,0,0,-8,0,0,25,8,8,8,112,181,175,175,156,165,175,141,128,128,83,80,200,195,165,100,108,108,800,784,1125,3574,29937,29939,4594,3075,29956,29959,29960,29961,29965,29964,29960,29964,29963,29964,29966,29966,29966,29966,29964,29968,29973,29966,29982,29983,29983,29980,29980,29981,29981,29982,29982,29983,29983,29984,29984,29985,29985,29986,29985,29987,29987,29988]} 1. d4 Nf6 2. Bf4 d5 3. Nf3 c5 4. e3 Nc6 5. Nbd2 (5. c3 e6 6. Nbd2 cxd4 7. exd4 Nh5 8. Bg5 f6 9. Be3 Bd6 10. Bb5 O-O 11. O-O Ne7 12. Re1 Bd7 13. Bd3 g6 14. Bh6 Rf7 {½-½ (83) Caruana,F (2822)-Aronian,L (2767) chess.com INT 2018}) 5... cxd4 6. exd4 {D02: 1 d4 d5 2 Nf3 sidelines, including 2...Nf6 3 g3 and 2...Nf6 3 Bf4} Qb6 7. Nb3 Bf5 8. c3 e6 {LiveBook: 3 Games} 9. Be2 Be7 $146 ({Predecessor:} 9... h6 10. a4 a5 11. O-O Be7 12. Ne5 O-O {0-1 (50) Rakesh,K (2247)-Kiewra,K (2454) Douglas 2016}) 10. O-O O-O 11. Ne5 h6 12. Kh1 Bh7 (12... Rfc8 {looks sharper.} 13. a4 a5 14. Kg1 Ne4 15. Nd7 Qd8) 13. f3 Qd8 14. Nxc6 bxc6 15. Qd2 Nd7 16. c4 a5 $1 17. cxd5 cxd5 (17... exd5 $15 18. Qc3 a4) 18. Rfc1 $11 Ra7 19. a4 $1 Bb4 20. Qd1 Nb6 ({Black should play} 20... Qh4 $14 21. g3 Qf6) 21. Rc6 (21. Bd2 $1 $16) 21... Nc4 $14 22. Bxc4 dxc4 23. Rxc4 Bg6 24. Rac1 Qd5 25. Qe2 Kh7 26. Qe3 Rb7 27. Nc5 Bxc5 28. Rxc5 (28. dxc5 $16 {aiming for c6.} Qc6 29. Qc3) 28... Qa2 $11 29. h4 Rxb2 30. h5 Bf5 31. g4 Rb3 32. R5c3 Rxc3 $1 33. Qxc3 e5 34. gxf5 exf4 35. Qc2 Qxc2 36. Rxc2 {[%mdl 4096] Endgame KR-KR} Rd8 37. Rc4 Rd5 38. Kg2 Kg8 (38... Rxf5 $11 39. Rc5 Rg5+ 40. Kf2 Kg8 41. Rc8+ Kh7) 39. Kh3 ({White should try} 39. Rc8+ $16 Kh7 40. Rc5 Rxd4 41. Rxa5) 39... Rxf5 40. Rc8+ Kh7 41. Rc5 Rf6 42. Rxa5 Rd6 43. d5 f5 (43... g5 $1 $11) 44. Rc5 $16 Kg8 45. a5 Kf7 46. Rc7+ Kg8 47. Rc4 $1 Ra6 48. Rxf4 Rxa5 49. Rxf5 g6 (49... Ra4 $16 {is a better defense.}) 50. hxg6 $18 Kg7 51. Re5 Kxg6 52. Kg4 Kf6 $2 {[%mdl 8192] [#]} (52... Ra4+ $16 53. Re4 Ra5) 53. f4 $1 {[%cal Bf3f4,Bf4f5][%mdl 32]} Ra6 54. Rh5 Kg6 {[#]} 55. f5+ $1 Kg7 56. Kf4 Ra1 57. Ke5 {White mates.} Re1+ 58. Kd6 Rg1 59. Ke7 Re1+ 60. Kd7 Ra1 61. d6 Rf1 62. Ke7 Re1+ 63. Kd8 Rf1 64. d7 Rf2 65. Rh1 Rxf5 66. Ke7 Rf7+ 67. Ke6 Rf6+ 68. Ke5 Rf8 69. Rg1+ Kh7 70. Ke6 h5 71. Ke7 Ra8 72. d8=Q Rxd8 73. Kxd8 Kh6 74. Ke7 h4 75. Kf6 {Accuracy: White = 62%, Black = 43%.} 1-0

[Event "48th Rilton Cup 2018"]
[Site "Stockholm"]
[Date "2019.01.02"]
[Round "6"]
[White "Eggleston, David J"]
[Black "Ivanov, Sergey"]
[Result "1-0"]
[WhiteElo "2397"]
[BlackElo "2524"]
[Annotator "TA"]
[PlyCount "77"]
[EventDate "2018.12.27"]
[EventType "swiss"]
[EventCountry "SWE"]
[SourceTitle "playchess.com"]
[Source "ChessBase"]
[SourceQuality "1"]

{[%evp 37,77,22,37,8,8,8,8,8,8,8,8,8,24,0,0,0,23,0,48,59,30,27,45,21,55,64,473,488,437,429,615,600,760,736,1120,1091,1071,1031,1181,1186,1161,1127]} 1. e4 e6 2. d4 d5 3. Nc3 Bb4 4. e5 c5 5. a3 Bxc3+ 6. bxc3 Ne7 7. Qg4 Qc7 8. Qxg7 Rg8 9. Qxh7 cxd4 10. Ne2 Nbc6 11. f4 Bd7 12. Qd3 dxc3 13. Qxc3 Nf5 14. Rb1 d4 15. Qd3 O-O-O 16. Rg1 Na5 17. Rb4 {C18: French: 3 Nc3 Bb4: Main line: 7 h4 and 7 Qg4} a6 (17... Nc6 18. Rc4 Be8 19. g4 Nh4 20. Rg3 f6 21. exf6 Bg6 22. Rxc6 Qxc6 23. Nxd4 Qh1 24. f5 exf5 25. Bf4 Be8 26. Qc4+ Bc6 27. Qe6+ Bd7 28. Rc3+ {1-0 (28) Shirov,A (2732)-Ganguly,S (2637) Edmonton 2009 CBM 132 Extra [Shabalov,A]}) 18. g4 Ne3 19. Bxe3 Bb5 $1 {[%cal Rb5d3] LiveBook: 5 Games} 20. Qd2 (20. Rxb5 {is interesting.} dxe3 21. Rxb7 Nxb7 22. Nd4 Rh8 23. h3) 20... dxe3 21. Qxe3 Qxc2 {[#] Strongly threatening ...Rd1+.} 22. Qc3+ Qxc3+ 23. Nxc3 Bxf1 24. Kxf1 {[#]} Rh8 $146 ({Predecessor:} 24... b5) 25. Ne4 Rxh2 {[%cal Rd8d1] [#]} 26. Nd6+ Kb8 27. g5 Rd7 28. Rg2 $36 {[%mdl 2048] White has the initiative.} Rh1+ 29. Kf2 Rc7 30. Kg3 Rc3+ 31. Kg4 Rxa3 $2 {[%mdl 8192]} ({Black should try} 31... Rc7 $14) 32. Nxf7 $18 {White is clearly winning.} Nc6 33. g6 {[%cal Bg5g6,Bg6g7][%mdl 32]} Ne7 (33... Nxb4 $142 34. g7 Nd5) 34. Kg5 Rhh3 35. Kf6 Nd5+ 36. Kxe6 Nxb4 37. g7 Rhg3 38. Rxg3 Rxg3 39. Ng5 {Precision: White = 72%, Black = 31%.} 1-0

[Event "48th Rilton Cup 2018"]
[Site "Stockholm"]
[Date "2019.01.02"]
[Round "6"]
[White "D`Costa, Lorin A R"]
[Black "Hillarp Persson, Tiger"]
[Result "0-1"]
[WhiteElo "2390"]
[BlackElo "2546"]
[Annotator "ChessBase"]
[PlyCount "76"]
[EventDate "2018.12.27"]
[EventType "swiss"]
[EventCountry "SWE"]
[SourceTitle "playchess.com"]
[Source "ChessBase"]
[SourceQuality "1"]
[TimeControl "40/5400+30:1800+30"]

1. d4 {[%emt 0:00:00]} Nf6 {[%emt 0:00:30]} 2. Nf3 {[%emt 0:00:00]} g6 {[%emt 0:00:18]} 3. Bf4 {[%emt 0:00:50]} Nh5 {[%emt 0:02:05]} 4. Be5 {[%emt 0:11:01]} f6 {[%emt 0:00:11]} 5. Bg3 {[%emt 0:00:09]} d6 {[%emt 0:19:51]} 6. e3 {[%emt 0:04:35]} e5 {[%emt 0:11:36]} 7. Be2 {[%emt 0:18:01]} Nxg3 {[%emt 0:07:09]} 8. hxg3 {[%emt 0:00:37]} Bg7 {[%emt 0:24:10]} 9. Nc3 {[%emt 0:14:14]} Nd7 {[%emt 0:03:46]} 10. e4 {[%emt 0:12:43]} c6 {[%emt 0:02:06]} 11. Qd2 {[%emt 0:02:03]} Nb6 {[%emt 0:03:47]} 12. a4 {[%emt 0:11:46]} a5 {[%emt 0:03:20]} 13. Rd1 {[%emt 0:04:29]} Be6 {[%emt 0:02:13]} 14. d5 {[%emt 0:04:11]} cxd5 {[%emt 0:00:48]} 15. Bb5+ {[%emt 0:00:23]} Kf8 {[%emt 0:00:51]} 16. Nxd5 {[%emt 0:01:12]} Nxd5 {[%emt 0:03:36]} 17. exd5 {[%emt 0:00:08]} Bg4 {[%emt 0:04:11]} 18. Qe3 {[%emt 0:06:36]} Kf7 {[%emt 0:01:25]} 19. Rd2 {[%emt 0:01:55]} h5 {[%emt 0:00:08]} 20. Nh2 {[%emt 0:00:56]} Bd7 {[%emt 0:00:34]} 21. Qe2 {[%emt 0:02:13]} e4 {[%emt 0:00:38]} 22. Nf1 {[%emt 0:00:41]} f5 {[%emt 0:01:38]} 23. c3 {[%emt 0:00:35]} Bxb5 {[%emt 0:01:23]} 24. Qxb5 {[%emt 0:00:07]} Qe7 {[%emt 0:00:18]} 25. Ne3 {[%emt 0:00:44]} Bh6 {[%emt 0:00:19]} 26. Re2 {[%emt 0:00:27]} Bxe3 {[%emt 0:01:17]} 27. Rxe3 {[%emt 0:00:22]} Rhc8 {[%emt 0:01:14]} 28. Qe2 {[%emt 0:01:16]} Qg5 {[%emt 0:00:56]} 29. Qb5 {[%emt 0:00:54]} Qe7 {[%emt 0:00:36]} 30. Qe2 {[%emt 0:00:48]} Rc5 {[%emt 0:01:07]} 31. c4 {[%emt 0:00:51]} Rac8 {[%emt 0:01:56]} 32. b3 {[%emt 0:00:27]} Rxd5 {[%emt 0:00:55]} 33. Rxh5 {[%emt 0:00:37]} Qf6 {[%emt 0:00:28]} 34. Rh7+ {[%emt 0:00:33]} Kg8 {[%emt 0:00:12]} 35. Qa2 {[%emt 0:00:28]} Kxh7 {[%emt 0:00:30]} 36. cxd5 {[%emt 0:00:12]} Rc1+ {[%emt 0:00:44]} 37. Ke2 {[%emt 0:00:49]} Qd4 {[%emt 0:00:36]} 38. Qd2 {[%emt 0:00:28]} Qc5 {[%emt 0:00:11]} 0-1

[Event "48th Rilton Cup 2018"]
[Site "Stockholm"]
[Date "2019.01.02"]
[Round "6"]
[White "Schekachikhin, Maksim"]
[Black "Lyrberg, Patrik"]
[Result "1-0"]
[WhiteElo "2368"]
[BlackElo "2440"]
[Annotator "TA"]
[PlyCount "100"]
[EventDate "2018.12.27"]
[EventType "swiss"]
[EventCountry "SWE"]
[SourceTitle "playchess.com"]
[Source "ChessBase"]
[SourceQuality "1"]

{[%evp 23,100,6,16,8,19,12,12,18,150,168,168,166,165,165,160,164,200,143,148,148,140,150,130,102,95,66,68,68,68,66,72,80,77,66,66,67,71,73,70,56,77,73,101,93,115,97,131,115,155,115,139,115,246,251,248,247,241,235,234,144,218,181,185,181,291,179,168,175,168,170,170,170,170,152,510,510,758,708,1732]} 1. d4 Nf6 2. c4 e6 3. Nc3 Bb4 4. Qc2 O-O 5. e4 d5 6. e5 Ne4 7. Bd3 c5 8. Nf3 {E32: Nimzo-Indian: Classical (4 Qc2): 4...0-0} cxd4 9. Nxd4 Nd7 10. Bf4 Ndc5 (10... Qh4 11. g3 Qh5 12. h4 Nxe5 13. Be2 Ng4 14. Bxg4 Qxg4 15. f3 Qh5 {1-0 (36) Vallejo Pons,F (2707)-So,W (2780) Leon 2018}) 11. O-O Nxd3 12. Qxd3 Bxc3 {LiveBook: 36 Games} 13. bxc3 {[%cal Bb2c3,Bc3c4,Bc4d5][%mdl 32]} Qa5 14. cxd5 $146 ({Predecessor:} 14. Rfc1 Qa6 15. Nb5 dxc4 16. Qxc4 {1-0 (38) Krush,I (2458)-Rubenchik,R (2299) Philadelphia 2009}) 14... exd5 15. c4 Qa6 {[#]} (15... Be6 $11 {keeps the balance.}) 16. Qe3 $1 $16 Be6 17. f3 {aiming for cxd5.} Nc5 18. Nxe6 fxe6 19. cxd5 ({Don't play} 19. Qxc5 $6 Rxf4 20. cxd5 Rc4 $14) 19... Qc4 20. Rac1 Qxf4 21. Qxf4 ({Resist} 21. Qxc5 $6 Qxe5 22. d6 Qxc5+ 23. Rxc5 Rad8 $14) 21... Rxf4 22. Rxc5 {[%mdl 4096] Endgame KRR-KRR} b6 23. Rc7 exd5 24. Rd1 Rf7 25. Rc6 Rd8 26. e6 {[%cal Be5e6,Be6e7][%mdl 32]} Rf6 27. Kf2 d4 28. e7 Re8 29. Rc7 Rd6 30. Rxa7 Kf7 31. Ra4 (31. Re1 {with more complications.} d3 32. Rd1 b5 33. Ke3 Rxe7+ 34. Rxe7+ Kxe7 35. Rxd3 Rh6 36. h3) 31... Rxe7 32. Raxd4 Rc6 33. R1d2 h5 34. h4 g6 35. a4 Re5 36. Rb2 Rec5 37. Kg3 Rc2 (37... Ra5 $16 38. Rbb4 Ke7) 38. Rxc2 $18 Rxc2 {KR-KR} 39. Rb4 Rc6 40. Kf4 Kf6 41. Rd4 Re6 (41... Rc5 $16 {was necessary.} 42. Rb4 Kg7) 42. Rc4 Rd6 43. g3 Re6 (43... Rd3 {was called for.} 44. Ke4 Rb3) 44. Rc7 Rd6 45. Ke4 Re6+ 46. Kd4 g5 47. hxg5+ Kxg5 48. f4+ {[%cal Bf3f4,Bf4f5][%mdl 32]} Kg4 $2 {[#]} (48... Kh6 $16 49. Rc4 Kg7) 49. Rg7+ Kf3 50. f5 Re4+ {Accuracy: White = 76%, Black = 38%.} 1-0

[Event "48th Rilton Cup 2018"]
[Site "Stockholm"]
[Date "2019.01.02"]
[Round "6"]
[White "Pranav Anand"]
[Black "Liang, Awonder"]
[Result "0-1"]
[WhiteElo "2274"]
[BlackElo "2589"]
[Annotator "RC"]
[PlyCount "100"]
[EventDate "2018.12.27"]
[EventType "swiss"]
[EventCountry "SWE"]
[SourceTitle "playchess.com"]
[Source "ChessBase"]
[SourceQuality "1"]
[TimeControl "40/5400+30:1800+30"]

1. e4 {[%emt 0:00:00]} e5 {[%emt 0:00:00]} 2. Nf3 {[%emt 0:00:00]} Nc6 {[%emt 0:00:00]} 3. Bb5 {[%emt 0:00:00]} a6 {[%emt 0:00:00]} 4. Ba4 {[%emt 0:00:00]} d6 {[%emt 0:00:00]} 5. O-O {[%emt 0:03:18]} Bd7 {[%emt 0:00:02]} 6. c3 {[%emt 0:00:54]} g6 {[%emt 0:00:09]} 7. d4 {[%emt 0:00:37]} Bg7 {[%emt 0:00:07]} 8. d5 {[%emt 0:02:20]} Nce7 {[%emt 0:00:08]} 9. Bxd7+ {[%emt 0:00:07]} Qxd7 {[%emt 0:00:07]} 10. c4 {[%emt 0:00:20]} h6 {[%emt 0:00:22]} 11. Nc3 {[%emt 0:00:40]} f5 {[%emt 0:00:38]} 12. Ne1 {[%emt 0:00:14]} Nf6 {[%emt 0:00:46]} 13. f3 {[%emt 0:00:19]} O-O {[%emt 0:07:24]} 14. Nd3 {[%emt 0:00:49]} c6 {[%emt 0:01:03]} 15. Be3 {[%emt 0:05:51]} Kh7 {[%emt 0:04:01]} 16. Rc1 {[%emt 0:06:20]} b5 {[%emt 0:13:53]} 17. dxc6 {[%emt 0:05:54]} Nxc6 {[%emt 0:01:25]} 18. Nd5 {[%emt 0:06:21]} bxc4 {[%emt 0:06:46]} 19. Nc5 {[%emt 0:18:00]} Qe8 {[%emt 0:28:42]} 20. Nc7 {[%emt 0:03:55]} Qe7 {[%emt 0:00:01]} 21. Nxa8 {[%emt 0:07:36]} Rxa8 {[%emt 0:00:59]} 22. Na4 {[%emt 0:00:06]} fxe4 {[%emt 0:05:02]} 23. fxe4 {[%emt 0:01:47]} Nd4 {[%emt 0:00:18]} 24. Rxc4 {[%emt 0:12:02]} Nxe4 {[%emt 0:00:36]} 25. Bxd4 {[%emt 0:00:29]} exd4 {[%emt 0:00:17]} 26. Qd3 {[%emt 0:00:48]} d5 {[%emt 0:05:42]} 27. Rc2 {[%emt 0:01:20]} Re8 {[%emt 0:00:45]} 28. b3 {[%emt 0:04:01]} Qd6 {[%emt 0:01:29]} 29. Re2 {[%emt 0:06:44]} Re7 {[%emt 0:00:46]} 30. Rfe1 {[%emt 0:01:45]} Rc7 {[%emt 0:01:43]} 31. Rc2 {[%emt 0:02:29]} Rxc2 {[%emt 0:09:07]} 32. Qxc2 {[%emt 0:00:07]} Be5 {[%emt 0:00:06]} 33. g3 {[%emt 0:02:12]} Bxg3 {[%emt 0:02:10]} 34. hxg3 {[%emt 0:00:56]} Qxg3+ {[%emt 0:00:26]} 35. Kf1 {[%emt 0:00:01]} d3 36. Qg2 {[%emt 0:01:26]} d2 {[%emt 0:00:45]} 37. Qxg3 {[%emt 0:06:26]} Nxg3+ {[%emt 0:00:05]} 38. Kf2 {[%emt 0:00:04]} Ne4+ {[%emt 0:00:03]} 39. Ke2 {[%emt 0:00:35]} dxe1=Q+ {[%emt 0:00:10]} 40. Kxe1 {[%emt 0:00:03]} h5 {[%emt 0:00:32]} 41. Ke2 {[%emt 0:30:53]} h4 {[%emt 0:30:23]} 42. Kf1 {[%emt 0:00:40]} h3 {[%emt 0:00:59]} 43. Kg1 {[%emt 0:01:25]} g5 {[%emt 0:00:05]} 44. Kh2 {[%emt 0:00:05]} g4 {[%emt 0:00:03]} 45. b4 {[%emt 0:00:23]} Nd2 {[%emt 0:01:22]} 46. Nc3 {[%emt 0:01:02]} d4 {[%emt 0:00:13]} 47. Nd1 {[%emt 0:00:20]} Nf1+ {[%emt 0:00:19]} 48. Kg1 {[%emt 0:00:06]} h2+ {[%emt 0:00:12]} 49. Kh1 {[%emt 0:00:11]} g3 {[%emt 0:00:05]} 50. a4 {[%emt 0:00:11]} Ne3 {[%emt 0:00:09]} 0-1

[Event "48th Rilton Cup 2018"]
[Site "Stockholm"]
[Date "2019.01.03"]
[Round "7"]
[White "Kobalia, Mikhail"]
[Black "Santos Ruiz, Miguel"]
[Result "1-0"]
[WhiteElo "2620"]
[BlackElo "2523"]
[Annotator "TA"]
[PlyCount "67"]
[EventDate "2018.12.27"]
[EventType "swiss"]
[EventCountry "SWE"]
[SourceTitle "playchess.com"]
[Source "ChessBase"]
[SourceQuality "1"]

{[%evp 16,67,0,-6,14,5,12,23,9,16,11,0,42,41,35,34,62,57,70,77,62,62,106,90,99,8,8,8,75,62,259,259,247,252,252,252,244,253,247,245,441,435,450,442,487,481,458,449,521,521,521,521,508,499]} 1. d4 Nf6 2. c4 e6 3. Nf3 d5 4. g3 Bb4+ 5. Bd2 Be7 6. Bg2 c6 7. O-O O-O 8. Nc3 {E11: Bogo-Indian} dxc4 9. a4 {LiveBook: 7 Games} c5 10. dxc5 {The position is equal.} Nc6 11. Qc2 $146 ({Predecessor:} 11. Bg5 Bxc5 12. Nd2 Na5 13. Nde4 Be7 14. Nxf6+ Bxf6 15. Bxf6 Qxf6 {½-½ (91) Li,C (2687)-Vitiugov,N (2703) St Petersburg 2012}) 11... Bxc5 12. Ne4 Be7 {[%cal Bc5e7,Be7f6,Bf6g7][%mdl 32]} 13. Rfd1 Bd7 14. Qxc4 Rc8 15. Qd3 Be8 16. Qb1 Qb6 17. Nxf6+ Bxf6 18. Ng5 {[%csl Gg5][%cal Rb1h7]} g6 19. Ne4 Bg7 {[#]} 20. Nd6 (20. a5 $1 $16 {[%cal Ra5b6]} Qxb2 21. Qxb2 Bxb2 22. Rab1) 20... Rd8 $11 21. Bg5 $36 {[%mdl 2048] White has good play.} Rd7 (21... Rxd6 $1 $11 {remains equal.} 22. Rxd6 Qc5) 22. a5 $16 Nxa5 $2 (22... Qa6 $14) 23. Nxe8 $18 Rxd1+ 24. Qxd1 Rxe8 25. Qd7 Rf8 26. Be3 Qa6 {[#]} 27. Bc5 $1 {[%cal Rc5f8]} Qxe2 $2 (27... Bf6 {is a better defense.}) 28. Bf1 {White is clearly winning.} Qxb2 29. Rxa5 b6 30. Bxf8 bxa5 31. Bd6 {White wants to mate with Qe8+.} h5 32. Qe8+ Kh7 33. Qxf7 a4 {Black hopes to continue with ...a3.} 34. Qxa7 {Accuracy: White = 81%, Black = 41%.} 1-0